00322cam a22001097a 4500008004000000082001800040245005300058260003900111300001000150650003500160700001700195180718b2002 xxu||||| |||| 00| 0 eng d aOA6x5461 M474 aWeekend breaks from Delhicedited by Vinod Mehta aNew DelhibOutlook Travellerc2002 a358p. aIndia - Discription and travel aMehta, Vinod